000
00322nam a22001337a 4500
020
_a
0-87170-007-7
082
_a
669.008 MET'A
100
_a
ASM
_9
61284
245
_a
METAL HANDBOOK VOLUME-1 PROPERTIES AND SELECTION IRONS AND STEELS
250
_a
9TH
260
_a
USA
_b
ASM
_c
1978
300
_a
XXI, 793P
942
_c
BK
999
_c
581446
_d
581446